| 000 | 00453nam a2200193Ia 4500 | ||
|---|---|---|---|
| 005 | 20240823033540.0 | ||
| 008 | 240823s9999||||xx |||||||||||||| ||und|| | ||
| 020 | _a978-81-8322-274-7 | ||
| 041 | _aENGLISH | ||
| 082 | _A153.69 Q2 | ||
| 100 | _aallan & Barbara Pease | ||
| 245 | 0 | _aAluvalahathil Udalmozhi | |
| 250 | _a1st | ||
| 260 |
_c2012 _bManjul Public |
||
| 500 | _aYES | ||
| 650 |
_aTamil Books _bGeneral |
||
| 942 | _cBK | ||
| 999 |
_c196084 _d196084 |
||